LEADER 01502nam a2200301 4500 001 000000359671 003 CaOOAMICUS 005 20240904120701.0 008 240904s2003 it 000 u ita r 020 $a88-8455-569-8 040 $aSeMil$bita 100 0 $aHonorius : Augustodunensis,$c.$0(OLS)http://semarc/name/41632 240 10$aElucidarium sive dialogus de summa totius christianae religionis.$0(OLS)http://semarc/title/450071 245 10$aLucidario :$bvolgarizzamento veronese del 14. secolo /$c[di Onorio d'Autun] ; a cura di Aulo Donadello. 264 1$aRoma ; Padova :$bAntenore,$c2003. 300 $aXC, 315 p. ;$c22 cm 490 1 $aMedioevo e Rinascimento veneto ;$v1 650 4$aOnorio : Augustodunense . Elucidarium - Volgarizzamenti.$0(OLS)http://semarc/subject/56237 650 4$aTeologia medievale - Testi.$0(OLS)http://semarc/subject/16322 700 1 $aDonadello, Aulo.$0(OLS)http://semarc/name/120352 830 0$aMedioevo e Rinascimento veneto ;$v1.$0(OLS)http://semarc/title/450072 850 $aSeMil 852 $aSeMil$W1$xVenegono$y1$m1C III 201$j250603$B250719$CSeMilBibl$Z2$F250719 $81 961 $aBrambilla don Paolo - Omaggio 996 $6020$a88-8455-569-8$9(OLS)http://semarc/number/301182 996 $6245$aLucidario :$bvolgarizzamento veronese del 14. secolo$9(OLS)http://semarc/title/450070 996 $6264$aRoma ; Padova :$bAntenore$9(OLS)http://semarc/publisher/46680 LEADER 00889nam a2200205 i 4500 001 000000212644 003 CaOOAMICUS 005 20120420000000.0 008 120420s1815 it u000 u mul u 013 $a191492 026 $aDOIO leus e,iu gimi (3) 1815 (R) 040 $aSeMil$bita 245 10$aVol. 26. 260 $aBrescia :$bNicolò Bettoni,$c1815. 300 $a167, [1] p. 773 0 $aLivius, Titus <59 a.C.-17.d.C.>$tStoria romana di Tito Livio coi supplementi del Freinsemio tradotta dal C. Luigi Mabil col testo a fronte. Volume 1. [-39.].$dBrescia : Dalla Tipografia Dipartimentale Bettoni Inspettore, 1804-1818.$g26$w()26647 850 $aSeMil 852 $aSeMil$W1$xVenegono$y1$m1Y III 50 FA$j163078$B163078$CSeMilBibl$Z2$F174201 $8I 996 $6245$aVol. 26$9(OLS)http://semarc/title/238674 996 $6260$aBrescia :$bNicolò Bettoni$9(OLS)http://semarc/publisher/36739 LEADER 01194nam a2200205 i 4500 001 000000229850 003 CaOOAMICUS 005 20260409090957.0 008 140520s1773 it u000 u fre u 013 $a208752 026 $atele esui 4.8. del' (3) 1773 (R) 040 $aSeMil$bita 245 10$aContenant quatre dissertations sur Esdras, & huit différentes tables, avec une planche qui représente les caracteres samaritains anciens & modernes. 300 $a[2], VIII, 88, 140, 120, 60, 264, 56, 20 p., [1] c. di tav. ripieg :$bill. calcogr. 500 $aSegn.: pg2(-pg2) a4 A-L4, 2A-R4 S2, 3A-P4, 4A-G4 H2, 5A-2K4, 6A-G4, 7A-B4 C2. 773 0 $tBibbia$dA Paris : chez Antoine Boudet, imprimeur du roi, rue Saint-Jacques. Nicolas Desaint, libraire, rue du Foin ; a Avignon : chez Francois-Barthelemi Merande, imprimeur-libraire, 1767-1773.$g17$w()29921 850 $aSeMil 852 $aSeMil$W1$xVenegono$y1$m2V IV 47 FA$j180196$B180196$CSeMilBibl$Z2$F191259 $8I 996 $6245$aContenant quatre dissertations sur Esdras, & huit différentes tables, avec une planche qui représente les caracteres samaritains anciens & modernes$9(OLS)http://semarc/title/328617